000 00524nam a2200133Ia 4500
005 20260209120149.0
008 260209s9999||||xx |||||||||||||| ||und||
100 _aAvanish Kumar Sonkar
245 0 _aConfronting caste-based hate speech : legal and digital dimensions in modern India
260 _aBangaloreBangalore
_bNLSIU, Bangalore
_c2023 - 2024
300 _a28 p. ; 25 cm.
700 _aDr. Dhivya Janarthanan - SupervisorDr. Dhivya Janarthanan - Supervisor
856 _uhttps://dans.nls.ac.in/handle/123456789/2090
999 _c217649
_d217649